000 00466nam a2200181Ia 4500
008 170705s9999 xx 000 0 und d
020 _a590460595
245 4 _aThe boxcar childeren :
245 _bthe pizza mystery /
245 _cGertrude Chandler Warner ; illustrated by Charles Tang.
260 _aNew York :
260 _bScholastic,
260 _c1993
300 _a121 pages :
300 _bcolor illustration ;
300 _c19cm.
500 _a640
999 _c336157
_d336157